| 000 | 00384cam a2200157ua 4500 | ||
|---|---|---|---|
| 041 |
_aeng _h |
||
| 082 |
_a894.812301 _bVAR/DA |
||
| 100 | _aVarkey, Ponkunnam . | ||
| 245 |
_aDaham / _cPonkunnam Varkey. _hTextual Documents |
||
| 250 |
_a1 / _b. |
||
| 260 |
_aThrissur : _bMangalodhayam pvt ltd , _c1956. |
||
| 300 | _a130 ; . | ||
| 504 | _a | ||
| 942 | _cBK | ||
| 999 |
_c11446 _d11446 |
||